| 000 | 00967nam a22003257a 4500 | ||
|---|---|---|---|
| 001 | BR2010004826 | ||
| 003 | BR-BrBNA | ||
| 005 | 20230928103358.0 | ||
| 007 | ta | ||
| 008 | 230509b bl.||||| |||| 00| 0 por d | ||
| 040 |
_aBR-BrBNA _bpor _cBiblioteca Nacional de Agricultura |
||
| 041 | _a(Por) | ||
| 072 |
_aL10 _b5213 _b5214 |
||
| 090 | _ 5213 BR2010004826 | ||
| 100 | 1 | _aOliveira, H.N. de(coord.) | |
| 100 | 1 | _aMarques, L.F.A.M.(coord.) | |
| 110 | 1 | _aAssociação Brasileira de Criadores da Raça Simental, Cachoeiro de Itapemirim,. ES (Brasil) | |
| 245 | 1 | _aSumário de touros, matrizes e animais jovens da raça simental | |
| 260 | 3 |
_aCachoeiro de Itapemirim, ES (Brasil): _c1999. |
|
| 300 | _a89 p. | ||
| 650 | _aGADO SIMENTAL | ||
| 650 | _aRAÇA | ||
| 650 | _aGADO MISTO | ||
| 650 | _aTOURO | ||
| 650 | _aMATRIZ | ||
| 650 | _aGENÉTICA ANIMAL | ||
| 650 | _aREGISTRO GENEALÓGICO | ||
| 909 |
_a202309 _bLucia _c55 _dLucia Elande |
||
| 942 | _cBK | ||
| 999 |
_c74855 _d74855 |
||